00478nam a22001577a 4500020001900000041000900019082001600028100002200044245004800066260003900114300000800153650002500161942000700186952011000193999001700303 a97898382350378 aUrdu a891.43bASK aDr. Askari Safdar aMirza Ghalib - Ek Jaeza (Tahqeeqi Mazameen) aHyderabadbNisaab Publishersc2021 a192 aUrdu Poetry (Ghalib) cBK 00104070aHMIbHMIcGENd2022-03-23eSafdarg300.00l0o891.43 ASKp11-4580r2022-03-23w2022-03-23yBK c23206d23206